000
00200nam a2200097Ia 4500
008
230206s9999 xx 000 0 und d
041
_a
eng
245
_a
Internet Guru
260
_b
Direct
650
_a
IT
999
_c
97609
_d
97609